Welcome to CU Library Online Public Access Catalogue (OPAC)

General climatology / (Record no. 1605)

MARC details
000 -LEADER
fixed length control field 00627pam a2200217 a 4500
001 - CONTROL NUMBER
control field 3277808
005 - DATE AND TIME OF LATEST TRANSACTION
control field 20241127123339.0
008 - FIXED-LENGTH DATA ELEMENTS--GENERAL INFORMATION
fixed length control field 820409s1983 njuab b 001 0 eng
020 ## - INTERNATIONAL STANDARD BOOK NUMBER
International Standard Book Number 0133492176 :
Terms of availability $26.95
050 00 - LIBRARY OF CONGRESS CALL NUMBER
Classification number QC981
Item number .C73 1983
082 00 - DEWEY DECIMAL CLASSIFICATION NUMBER
Classification number 551.6
Edition information 19
100 1# - MAIN ENTRY--PERSONAL NAME
Personal name Critchfield, Howard J.
245 10 - TITLE STATEMENT
Title General climatology /
Statement of responsibility, etc. Howard J. Critchfield.
250 ## - EDITION STATEMENT
Edition statement 4th ed.
260 ## - PUBLICATION, DISTRIBUTION, ETC.
Place of publication, distribution, etc. Englewood Cliffs, NJ :
Name of publisher, distributor, etc. Prentice-Hall,
Date of publication, distribution, etc. c1983.
300 ## - PHYSICAL DESCRIPTION
Extent x, 453 p. :
Other physical details ill., col. map ;
Dimensions 24 cm.
500 ## - GENERAL NOTE
General note Map on lining paper.
500 ## - GENERAL NOTE
General note Includes index.
650 #0 - SUBJECT ADDED ENTRY--TOPICAL TERM
Topical term or geographic name entry element Climatology.
942 ## - ADDED ENTRY ELEMENTS (KOHA)
Source of classification or shelving scheme Library of Congress Classification
Koha item type Books
Edition 4th ed
Suppress in OPAC No
999 ## -
-- 1605
-- 1605
Holdings
Withdrawn status Lost status Source of classification or shelving scheme Damaged status Not for loan Collection Home library Current library Shelving location Date acquired Total checkouts Full call number Barcode Date last seen Copy number Price effective from Koha item type
    Library of Congress Classification     Non-fiction Science Library (Miotso) Science Library (Miotso) General stacks 11/27/2024   QC981 .C73 CRI SLM00000925 11/27/2024 1 11/27/2024 Books
© 2023-2024 Copyright: Central University Libraries. All Rights Reserved | Created by: Mahone Tech Office